Enumerate the Bacterias under Different Categories - Statistics

General Stats
  • This quiz has been taken 20 times
  • The average score is 11 of 105
Answer Stats
Hint Answer % Correct
Gram-Positive Cocci Staphylococcus aureus
100%
Enterobacterales Escherichia coli
80%
Gram-Positive Cocci Streptococcus pneumoniae
80%
Gram-Positive Cocci Streptococcus pyogenes
80%
Non-Fermentative Gram Negative Bacilli Pseudomonas aeruginosa
60%
Gram-Positive Cocci Staphylococcus epidermidis
60%
Anaerobic Bacteria Clostridium difficile
40%
Fastidious Gram-Negative Cocci Haemophilus influenzae
40%
Gram-Positive Bacilli Listeria monocytogenes
40%
Gram-Negative Cocci Moraxella catarrhalis
40%
Acid-Fast Bacteria Mycobacterium tuberculosis
40%
Gram-Negative Cocci Neisseria gonorrhoeae
40%
Gram-Negative Cocci Neisseria meningitidis
40%
Gram-Positive Cocci Staphylococcus saprophyticus
40%
Curved, Spiral-Shaped Bacteria Vibrio cholerae
40%
Non-Fermentative Gram Negative Bacilli Acinetobacter spp.
20%
Gram-Positive Bacilli Bacillus anthracis
20%
Spirochetes Borrelia burgdorferi
20%
Non-Fermentative Gram Negative Bacilli Burkholderia cepacia
20%
Non-Culturable Bacteria Chlamydia trachomatis
20%
Enterobacterales Citrobacter spp.
20%
Anaerobic Bacteria Clostridium botulinum
20%
Enterobacterales Enterobacter spp.
20%
Gram-Positive Cocci Enterococcus faecalis
20%
Gram-Positive Cocci Enterococcus faecium
20%
Fastidious Gram-Negative Cocci Kingella kingae
20%
Enterobacterales Klebsiella spp.
20%
Gram-Positive Cocci Micrococcus luteus
20%
Cell-Wall Deficient Bacteria Mycoplasma pneumoniae
20%
Non-Fermentative Gram Negative Bacilli Stenotrophomonas maltophila
20%
Gram-Positive Cocci Streptococcus agalactiae
20%
Anaerobic Bacteria Actinomyces spp.
0%
Curved, Spiral-Shaped Bacteria Aeromonas hydrophila
0%
Fastidious Gram-Negative Cocci Aggregatibacter actinomycetemcomitans
0%
Fastidious Gram-Negative Cocci Aggregatibacter aphrophilus
0%
Non-Culturable Bacteria Anaplasma phagocytophilum
0%
Gram-Positive Bacilli Arcanobacterium haemolyticum
0%
Gram-Positive Bacilli Bacillus cereus
0%
Anaerobic Bacteria Bacteroides fragilis
0%
Other Gram-Negative Bacilli Bartonella spp.
0%
Other Gram-Negative Bacilli Bordetella bronchiseptica
0%
Other Gram-Negative Bacilli Bordetella pertussis
0%
Spirochetes Borrelia hermsli
0%
Spirochetes Borrelia parkeri
0%
Spirochetes Borrelia recurrentis
0%
Other Gram-Negative Bacilli Brucella spp.
0%
Non-Fermentative Gram Negative Bacilli Burkholderia mallei
0%
Non-Fermentative Gram Negative Bacilli Burkholderia pseudomallei
0%
Curved, Spiral-Shaped Bacteria Campylobacter jejuni
0%
Fastidious Gram-Negative Cocci Capnocytophaga spp.
0%
Fastidious Gram-Negative Cocci Cardiobacterium hominis
0%
Non-Culturable Bacteria Chlamydophila pneumoniae
0%
Non-Culturable Bacteria Chlamydophila psitacci
0%
Anaerobic Bacteria Clostridium perfringens
0%
Anaerobic Bacteria Clostridium tetani
0%
Gram-Positive Bacilli Corynebacterium diphtherium
0%
Gram-Positive Bacilli Corynebacterium jeikeium
0%
Non-Culturable Bacteria Coxiella burnetii
0%
Anaerobic Bacteria Cutibacterium spp.
0%
Enterobacterales Edwardsiella tarda
0%
Non-Culturable Bacteria Ehrlichia chaffeensis
0%
Non-Culturable Bacteria Ehrlichia ewingii
0%
Fastidious Gram-Negative Cocci Eikenella corrodens
0%
Gram-Positive Bacilli Erysipelothrix rhusiopathiae
0%
Anaerobic Bacteria Finegoldia magna
0%
Other Gram-Negative Bacilli Francisella spp.
0%
Anaerobic Bacteria Fusobacterium spp.
0%
Gram-Positive Bacilli Gardnerella vaginalis
0%
Fastidious Gram-Negative Cocci Haemophilus aegypticus
0%
Fastidious Gram-Negative Cocci Haemophilus ducreyi
0%
Fastidious Gram-Negative Cocci Haemophilus influenzae biogroup aegypticus
0%
Curved, Spiral-Shaped Bacteria Helicobacter pylori
0%
Gram-Positive Bacilli Lactobacillus acidophilus
0%
Other Gram-Negative Bacilli Legionella spp.
0%
Enterobacterales Morganella morganii
0%
Acid-Fast Bacteria Mycobacterium avium-intracellulare complex (MAC)
0%
Acid-Fast Bacteria Mycobacterium bovis
0%
Acid-Fast Bacteria Mycobacterium kansasii
0%
Acid-Fast Bacteria Mycobacterium leprosy
0%
Acid-Fast Bacteria Mycobacterium ulcerans
0%
Cell-Wall Deficient Bacteria Mycoplasma hominis
0%
Non-Culturable Bacteria Neorickettsia sennetsu
0%
Gram-Positive Bacilli Nocardia asteroides
0%
Gram-Positive Bacilli Nocardia brasiliensis
0%
Gram-Positive Cocci Nutritionally variant streptococci - Abiotrophia and Granulicatella
0%
Non-Culturable Bacteria Orientia tsutsugamushi
0%
Other Gram-Negative Bacilli Pasteurella multocida
0%
Curved, Spiral-Shaped Bacteria Plesiomonas shigelloides
0%
Anaerobic Bacteria Porphyromonas spp.
0%
Anaerobic Bacteria Prevotella melaninogenica
0%
Enterobacterales Proteus spp.
0%
Enterobacterales Providencia spp.
0%
Non-Culturable Bacteria Rickettsia conorii
0%
Non-Culturable Bacteria Rickettsia prowazekii
0%
Non-Culturable Bacteria Rickettsia rickettsia
0%
Non-Culturable Bacteria Rickettsia typhi
0%
Enterobacterales Salmonella spp.
0%
Enterobacterales Serratia spp.
0%
Enterobacterales Shigella spp.
0%
Fastidious Gram-Negative Cocci Streptobacillus moniliformis
0%
Cell-Wall Deficient Bacteria Ureaplasma urealyticum
0%
Curved, Spiral-Shaped Bacteria Vibrio parahaemolyticus
0%
Curved, Spiral-Shaped Bacteria Vibrio vulnificus
0%
Gram-Positive Cocci Viridans streptococci
0%
Enterobacterales Yersinia spp.
0%
No matching quizzes found
Score Distribution
Percent of People with Each Score
Percentile by Number Answered
Your Score History
You have not taken this quiz